British national formulary : (Record no. 117866)

MARC details
000 -LEADER
fixed length control field 01071cas a2200289 a 4500
008 - FIXED-LENGTH DATA ELEMENTS--GENERAL INFORMATION
fixed length control field
020 ## - INTERNATIONAL STANDARD BOOK NUMBER
International Standard Book Number 0853692556 (pbk.)
049 ## - LOCAL HOLDINGS (OCLC)
Holding library MAIN
090 ## - LOCALLY ASSIGNED LC-TYPE CALL NUMBER (OCLC); LOCAL CALL NUMBER (RLIN)
Classification number (OCLC) (R) ; Classification number, CALL (RLIN) (NR) RS125
Local cutter number (OCLC) ; Book number/undivided call number, CALL (RLIN) BRI
003 - CONTROL NUMBER IDENTIFIER
control field
005 - DATE AND TIME OF LATEST TRANSACTION
control field 20230120204135.0
040 ## - CATALOGING SOURCE
Transcribing agency NUST
245 #0 - TITLE STATEMENT
Title British national formulary :
Remainder of title number 25 /
Statement of responsibility, etc. British Medical AssociationPharmaceutical Society of Great Britain [and]Joint Formulary Committee 1992-1993.
260 ## - PUBLICATION, DISTRIBUTION, ETC.
Place of publication, distribution, etc. London :
Name of publisher, distributor, etc. British Medical Association :
-- Pharmaceutical Society of Great Britain,
Date of publication, distribution, etc. 1993.
300 ## - PHYSICAL DESCRIPTION
Extent vii, 662p.
Dimensions 22 cm.
500 ## - GENERAL NOTE
General note Includes index.
650 #0 - SUBJECT ADDED ENTRY--TOPICAL TERM
Topical term or geographic name entry element Medicine
General subdivision Formulae, receipts, prescriptions.
650 #0 - SUBJECT ADDED ENTRY--TOPICAL TERM
Topical term or geographic name entry element Pharmacology.
650 #0 - SUBJECT ADDED ENTRY--TOPICAL TERM
Topical term or geographic name entry element Drugs
Geographic subdivision Great Britain.
650 #2 - SUBJECT ADDED ENTRY--TOPICAL TERM
Topical term or geographic name entry element Formularies
Geographic subdivision Great Britain.
700 ## - ADDED ENTRY--PERSONAL NAME
Personal name Joint Formulary Committee 1992-1993.
710 2# - ADDED ENTRY--CORPORATE NAME
Corporate name or jurisdiction name as entry element British Medical Association.
710 2# - ADDED ENTRY--CORPORATE NAME
Corporate name or jurisdiction name as entry element Pharmaceutical Society of Great Britain.
710 2# - ADDED ENTRY--CORPORATE NAME
Corporate name or jurisdiction name as entry element Royal Pharmaceutical Society of Great Britain.
907 ## - LOCAL DATA ELEMENT G, LDG (RLIN)
a .b10340841
b 08-04-14
c 04-04-14
942 ## - ADDED ENTRY ELEMENTS (KOHA)
Koha item type Ordinary Loan Books
Call number prefix RS125
Call number suffix BRI
Holdings
Date last seen Total Checkouts Full call number Barcode Cost, replacement price Price effective from Koha item type Lost status Source of classification or shelving scheme Damaged status Not for loan Collection Withdrawn status Home library Current library Shelving location Date acquired Cost, normal purchase price
01/20/2023   RS125 BRI 92004035013 80.00 01/20/2023 BOOKS   LCC     NFIC   Medical Medical GEN 01/20/2023 80.00